000 00463cam a2200181ua 4500
001 1393
008 110708n ii |||gr||||Z||||||eng
040 _cMAIN
082 _a350
100 _aSarmah, D. K.,
_q(Durga Kanta Sarmah).
245 1 _aPublic administration
_cby D. K. sarmah
250 _a1st.
260 _aGUahati:
_bAshok book Stall,
_c2007.
300 _a578p:
_c23cm.
653 _aPolitical science
653 _aPublic administration
942 _cBK
999 _c1287
_d1287